|
|
|
|
| LEADER |
00000nam a22000007a 4500 |
| 003 |
cru IIS |
| 005 |
20220523100404.0 |
| 007 |
ta |
| 008 |
220523b |||||||| |||| 00| 0 spa d |
| 040 |
|
|
|c cru IIS
|
| 090 |
|
|
|a REV0183
|
| 110 |
2 |
|
|9 10442
|a Centro Internacional de Investigaciones para el Desarrollo
|
| 245 |
1 |
3 |
|a El CIID Informa /
|c Centro Internacional de Investigaciones para el Desarrollo
|
| 260 |
|
|
|a Bogotá, Colombia:
|b CIID,
|
| 270 |
|
|
|a División de comunicaciones
|e Apdo. aéreo 53016
|
| 500 |
|
|
|a PERIODICIDAD PPS (s):Cuatrimestral EXISTENCIAS : 1974 3 (4) 1975 4 (1-4) 1976 4 (4) 5 (1-4) 1977 5 (4) 6 (1-4) 1978 7 (1-4) 1979 8 (1-4) 1980 9 (1-3) 1981 9 (4) 10 (1-3) 1982 10 (4) 11 (1-3) 1983 11 (4) 12 (1-3, índice) 1984 12 (4) 13 (1-3) 1985 13 (4) 14 (1-4) 1986 15 (1-4) 1987 16 (1-4) 1988 17 (1-4) 1989 18 (1-4) 1990 18 (3-4) 1991 19 (1-3) 1992 20 (1-4) 1993 21 (1-3) 1994 22 (1-4) 1995 22 (4) 23 (1-4) 1996 23 (1,4)
|
| 500 |
|
|
|a A partir de abril de 1996 dejará de editarse. Continuará la versión en ingles: IDRC REPORTS
|
| 650 |
|
0 |
|9 341
|a MEDIO AMBIENTE
|
| 650 |
|
4 |
|9 2631
|a PLAGUICIDAS
|
| 650 |
|
0 |
|9 4516
|a AGUA
|
| 650 |
|
4 |
|9 2017
|a CONTAMINACION
|
| 650 |
|
0 |
|9 10443
|a GANADO
|
| 650 |
|
0 |
|9 1642
|a PAISES EN DESARROLLO
|
| 651 |
|
0 |
|9 17
|a AMERICA LATINA
|
| 942 |
|
|
|2 ddc
|c PP
|
| 999 |
|
|
|c 44258
|d 44258
|